Nesprávná manželka /

Hlavní autor: Wilks, Eileen, 1952-
Další autoři: Zavodská, Evženie
Jazyk: Čeština
Vydáno: Praha : Harlequin, c1999
Edice: Desire na přání
Témata:
Fyzický popis: 150 s. ; 17 cm
Knihy
Uloženo v:
LEADER 01047nam a2200313 a 4500
001 000394239
003 CZ BrMZK
005 20201113085405.0
007 ta
008 980115s1999 xr g f cze d
015 |a cnb000649166 
020 |a 80-241-0146-7 
035 |a (OCoLC)41370091 
040 |a BOA001  |b cze 
072 7 |a 821.111-3  |x Anglická próza, anglicky psaná  |2 Konspekt  |9 25 
080 |a 821.111-31  |2 MRF 
080 |a (0:82-31)  |2 MRF 
100 1 |a Wilks, Eileen,  |d 1952-  |7 xx0007125  |4 aut 
245 1 0 |a Nesprávná manželka /  |c Eileen Wilksová ; [překlad: Evženie Zavodská]. 
260 |a Praha :  |b Harlequin,  |c c1999 
300 |a 150 s. ;  |c 17 cm 
490 1 |a Desire na přání ;  |v 39 (O 2/99) 
655 7 |a anglicky psané romány  |7 fd131805  |2 czenas 
700 1 |a Zavodská, Evženie  |7 jn19981002439  |4 trl 
765 0 |t <<The >>wrong wife 
830 0 |a Desire na přání 
910 |a BOA001  |b 1-1059.466 
990 |a BK 
996 6 |b 2610092957  |c 1-1059.466  |l MZK  |r Sklad / do 1 hodiny  |n 25  |p p.v.  |w 000394239  |u 000010  |a 1  |e BOA001  |j MZK50  |s P